000
00293nam a2200121 a 4500
008
100923s1975|||| d
245
1
0
_a
Zlatá nostalgia
100
1
_a
Ferko, Vladimír
260
_b
Slovenský spisovateľ
_a
Bratislava
_c
1975
020
_c
12
044
_a
xo
_c
SK
041
_a
slo
999
_c
10637
_d
10637